[Event "Admiral Niels Juel Cup 2013"]
[Site "Koge"]
[Date "2013.04.25"]
[Round "7"]
[White "Shaikh, Mohammad Nubairshah"]
[Black "Bruun, Henrik Emil"]
[Result "1-0"]
[WhiteElo "2166"]
[BlackElo "2085"]
[PlyCount "165"]
[EventDate "2013.??.??"]
[EventCountry "DEN"]


1. d4 g6 2. c4 Bg7 3. Nc3 Nf6 4. e4 d6 5. h3 O-O 6. Bg5 c5 7. d5 b5 8. cxb5 a6
9. a4 Qa5 10. Bd2 Qb4 11. Bd3 Nfd7 12. Nf3 c4 13. Ne2 Qc5 14. Be3 Qb4+ 15. Bd2
Qc5 16. b4 Qc7 17. Rc1 axb5 18. axb5 Nb6 19. Qc2 e6 20. O-O exd5 21. exd5 Bb7
22. Bxc4 Rc8 23. Bb3 Qxc2 24. Rxc2 Rxc2 25. Bxc2 Bxd5 26. Be3 N8d7 27. Bd3 Ra3
28. Rd1 Rb3 29. Nfd4 Rxb4 30. Nc6 Bxc6 31. bxc6 Nc5 32. c7 Ra4 33. Bxc5 dxc5
34. Bb5 Ra1 35. Rxa1 Bxa1 36. Ba6 Be5 37. c8=Q+ Nxc8 38. Bxc8 Kf8 39. Ba6 Ke7
40. Bc4 f6 41. f4 Bc7 42. Kf2 Ba5 43. Ke3 f5 44. Bg8 Kf6 45. Kd3 Be1 46. Ke3 h6
47. Nc1 Bc3 48. Nb3 Bb4 49. Kd3 g5 50. fxg5+ hxg5 51. Kc4 Ke5 52. Nxc5 Ba3 53.
Nd3+ Ke4 54. Bh7 Be7 55. Bg6 Bd8 56. Bh7 Be7 57. g4 Kf3 58. Bxf5 Kg3 59. Kd5
Kxh3 60. Bd7 Kg3 61. Ke4 Bd8 62. Kf5 Kh4 63. Ne5 Ba5 64. Nf3+ Kg3 65. Nxg5 Kh4
66. Nf3+ Kg3 67. Bc6 Bd8 68. Nd2 Bh4 69. Ne4+ Kh3 70. Kf4 Bd8 71. g5 Bxg5+ 72.
Nxg5+ Kh4 73. Be4 Kh5 74. Nf7 Kh4 75. Bf3 Kh3 76. Ne5 Kh2 77. Kg4 Kg1 78. Kg3
Kf1 79. Nd3 Kg1 80. Be2 Kh1 81. Nf2+ Kg1 82. Nh3+ Kh1 83. Bf3# 1-0

[Event "Admiral Niels Juel Cup 2013"]
[Site "Koge"]
[Date "2013.04.25"]
[Round "7"]
[White "Eriksson, Christian Altenburg"]
[Black "Rishubh Naresh, Naik"]
[Result "0-1"]
[WhiteElo "2173"]
[BlackElo "1942"]
[PlyCount "102"]
[EventDate "2013.??.??"]
[EventCountry "DEN"]


1. e4 e6 2. d4 d5 3. e5 c5 4. c3 Qb6 5. Nf3 Nc6 6. a3 c4 7. Nbd2 Na5 8. g3 Bd7
9. h4 Ne7 10. Bh3 h6 11. h5 Nc8 12. O-O Qc7 13. Qe2 Nb6 14. Kh2 O-O-O 15. Ne1
Kb8 16. Ng2 Be7 17. f4 g6 18. Bg4 Rdg8 19. Ne3 Bd8 20. Rb1 Nc8 21. b4 Nc6 22.
a4 N6e7 23. b5 Qa5 24. Rb4 Nf5 25. Bxf5 gxf5 26. Ndxc4 dxc4 27. Nxc4 Qc7 28. a5
Be7 29. Rb3 Qd8 30. a6 Nb6 31. Na5 Bh4 32. Rf3 Bxg3+ 33. Rxg3 Rxg3 34. Kxg3
Rg8+ 35. Kh3 Rg4 36. Qf2 Bc8 37. c4 Nxc4 38. Nxc4 Qd5 39. Qf3 Qxc4 40. Ba3 Rxf4
41. Bd6+ Ka8 42. Qxf4 Qxb3+ 43. Kh4 Qd1 44. Bf8 Qh1+ 45. Kg3 Qxh5 46. axb7+
Bxb7 47. Bxh6 Qe2 48. Qd2 Qxb5 49. Kf4 Qd5 50. Kg5 Qd8+ 51. Kh5 Bf3# 0-1

[Event "Admiral Niels Juel Cup 2013"]
[Site "Koge"]
[Date "2013.04.25"]
[Round "7"]
[White "Nielsen, Michael(1983)"]
[Black "Karunanayake, Mayuri"]
[Result "1-0"]
[WhiteElo "2176"]
[BlackElo "1614"]
[PlyCount "73"]
[EventDate "2013.??.??"]
[EventCountry "DEN"]


1. c4 e6 2. g3 d5 3. Bg2 Nf6 4. Nf3 Be7 5. O-O O-O 6. b3 c6 7. Bb2 b6 8. e3 Ba6
9. Qc2 Nbd7 10. d3 Rc8 11. Nc3 h6 12. Ne1 Qc7 13. f4 dxc4 14. bxc4 Bc5 15. Qe2
Bb7 16. d4 Be7 17. e4 c5 18. d5 exd5 19. cxd5 c4 20. Rd1 Bc5+ 21. Kh1 Ba6 22.
e5 Rfe8 23. Qf3 Nh7 24. Qg4 b5 25. a3 Qd8 26. Nf3 Nb6 27. Nh4 g6 28. Nxg6 fxg6
29. Qxg6+ Kh8 30. Ne4 Be7 31. d6 Rg8 32. dxe7 Qxe7 33. Qxh6 c3 34. Nxc3 Nc4 35.
Nd5 Qg7 36. Qxg7+ Rxg7 37. Bd4 1-0

[Event "Admiral Niels Juel Cup 2013"]
[Site "Koge"]
[Date "2013.04.25"]
[Round "7"]
[White "Stuhr, Peter Sebastian"]
[Black "Dambrauskas, Virginijus"]
[Result "0-1"]
[WhiteElo "1941"]
[BlackElo "2315"]
[PlyCount "116"]
[EventDate "2013.??.??"]
[EventCountry "DEN"]


1. e4 c5 2. Nc3 e6 3. f4 Nc6 4. Bb5 Na5 5. Nf3 a6 6. Be2 b5 7. b3 Bb7 8. d3 Qc7
9. O-O Nc6 10. Qe1 Nd4 11. Bd1 Nxf3+ 12. Bxf3 Ne7 13. Nd1 Ng6 14. Qg3 Be7 15.
Bh5 d5 16. e5 d4 17. Nf2 Bh4 18. Qh3 Bxf2+ 19. Rxf2 Bd5 20. Bf3 Bxf3 21. Qxf3
O-O 22. g4 Rac8 23. Qe4 Rfe8 24. Bd2 Qd7 25. Raf1 Qc6 26. Qxc6 Rxc6 27. Kg2 Ne7
28. Kg3 g6 29. h4 h5 30. f5 gxf5 31. gxh5 Kh7 32. Bg5 Rg8 33. Kf3 Nd5 34. a3
Rcc8 35. Rg2 a5 36. Rb1 Ra8 37. Rc1 a4 38. Ra1 Rgb8 39. Rgg1 Rb7 40. Rgc1 Rba7
41. Rcb1 axb3 42. Rxb3 Nc3 43. Bc1 b4 44. Bb2 Nd5 45. Bc1 Kg7 46. h6+ Kg6 47.
Bd2 bxa3 48. Rg1+ Kh7 49. Rg7+ Kh8 50. Rb1 a2 51. Ra1 Rg8 52. Ke2 Rxg7 53.
hxg7+ Kxg7 54. h5 Kh7 55. Kd1 Nc3+ 56. Kc1 f4 57. Kb2 Rb7+ 58. Ka3 Rb1 0-1

[Event "Admiral Niels Juel Cup 2013"]
[Site "Koge"]
[Date "2013.04.25"]
[Round "7"]
[White "Anghel, Mihai Ursta"]
[Black "Thuesen, Mogens Henrik"]
[Result "0-1"]
[WhiteElo "1643"]
[BlackElo "2261"]
[PlyCount "70"]
[EventDate "2013.??.??"]
[EventCountry "DEN"]


1. e4 g6 2. d4 Bg7 3. Nf3 d6 4. c3 b6 5. Be3 Bb7 6. Bc4 e6 7. Nbd2 Ne7 8. Qc2
Nd7 9. O-O-O c5 10. h4 h6 11. h5 g5 12. Nb3 Qc7 13. Nfd2 d5 14. exd5 exd5 15.
Be2 c4 16. Na1 O-O-O 17. Rhf1 f5 18. f4 g4 19. b3 b5 20. b4 Nf6 21. Rh1 Rhe8
22. g3 Kb8 23. Rde1 Nc8 24. Bf1 Nd6 25. Bg2 Qf7 26. Bf2 Nxh5 27. Rxe8 Rxe8 28.
Re1 Rxe1+ 29. Bxe1 Qe6 30. Kd1 Nf6 31. a3 Nde4 32. Bxe4 dxe4 33. Nf1 e3 34. Nh2
Be4 35. Qb2 Bd3 0-1

[Event "Admiral Niels Juel Cup 2013"]
[Site "Koge"]
[Date "2013.04.25"]
[Round "7"]
[White "Brondum, Jan Kraul"]
[Black "Aage, Bjarke Gadgaard"]
[Result "0-1"]
[WhiteElo "1585"]
[BlackElo "2067"]
[PlyCount "30"]
[EventDate "2013.??.??"]
[EventCountry "DEN"]


1. b3 d5 2. d4 Nf6 3. Bb2 g6 4. e3 Bg7 5. Bd3 O-O 6. Ne2 Nbd7 7. Nd2 e5 8. c4
c6 9. dxe5 Ng4 10. Nf3 Ngxe5 11. Nxe5 Nxe5 12. Rb1 Nxd3+ 13. Qxd3 Bf5 14. Qd1
Bxb1 15. Qxb1 Qa5+ 0-1

[Event "Admiral Niels Juel Cup 2013"]
[Site "Koge"]
[Date "2013.04.25"]
[Round "7"]
[White "Dupovac, Faruk"]
[Black "Kokholm, Daniel"]
[Result "0-1"]
[WhiteElo "1377"]
[BlackElo "1937"]
[PlyCount "108"]
[EventDate "2013.??.??"]
[EventCountry "DEN"]


1. e4 d6 2. Nc3 Nf6 3. Bc4 a6 4. d4 b5 5. Bd3 Bb7 6. a3 Nbd7 7. Nf3 g6 8. O-O
Bg7 9. Re1 e5 10. Bg5 h6 11. Bh4 c6 12. b4 a5 13. Ne2 O-O 14. c3 Qe8 15. Bxf6
Nxf6 16. dxe5 dxe5 17. Ng3 Qe6 18. Qc2 Nd7 19. c4 Rfc8 20. c5 Rd8 21. Nd2 a4
22. Ne2 Nf8 23. Nc1 Rd4 24. Nf3 Rd7 25. Qc3 Qe7 26. Bb1 Rad8 27. Ba2 g5 28. Kf1
g4 29. Ng1 Kh8 30. h3 f5 31. hxg4 fxg4 32. Qg3 Qg5 33. Qe3 Qf6 34. Nge2 h5 35.
Ng3 Bh6 36. Qe2 Rd2 37. Nxh5 Qh4 38. Ng3 Rxe2 39. Ncxe2 Rd2 40. Bf7 Bf4 41. Kg1
Qf6 42. Bh5 Bc8 43. f3 Qh4 44. Nf1 Rd8 45. Bf7 gxf3 46. gxf3 Rd7 47. Nxf4 exf4
48. Re2 Qf6 49. Raa2 Rxf7 50. Nh2 Qd4+ 51. Kf1 Bh3+ 52. Ke1 Rd7 53. Rad2 Qg1+
54. Nf1 Qxf1# 0-1

[Event "Admiral Niels Juel Cup 2013"]
[Site "Koge"]
[Date "2013.04.25"]
[Round "7"]
[White "Schmidt, Horst Hubert"]
[Black "Bjorn, Steen"]
[Result "0-1"]
[WhiteElo "1841"]
[BlackElo "1608"]
[PlyCount "98"]
[EventDate "2013.??.??"]
[EventCountry "DEN"]


1. d4 f5 2. Nc3 Nf6 3. Bg5 e6 4. e4 fxe4 5. Bxf6 Qxf6 6. Nxe4 Qg6 7. Ng3 Nc6 8.
Bd3 Qf7 9. Nf3 Be7 10. O-O d6 11. c3 Bd7 12. Qc2 g6 13. Ne4 O-O-O 14. b4 Rdf8
15. b5 Nb8 16. Qa4 d5 17. Nc5 Bxc5 18. dxc5 Be8 19. Qxa7 c6 20. Ne5 Qc7 21.
bxc6 Nxc6 22. Nxc6 Bxc6 23. a4 Kd7 24. Bb5 Ra8 25. Qb6 Rhb8 26. Rfe1 Ra5 27. c4
Qxb6 28. cxb6 Bxb5 29. axb5 Rxa1 30. Rxa1 dxc4 31. Rd1+ Ke7 32. Kf1 Rc8 33. Ke2
Rc5 34. Rb1 Kd6 35. Kd2 Rd5+ 36. Kc3 Kc5 37. Re1 Rd3+ 38. Kc2 Rd6 39. Kc3 Rd3+
40. Kc2 Rd6 41. Re5+ Kb4 42. h4 Rxb6 43. h5 Rxb5 44. Rxe6 Rxh5 45. Rb6+ Rb5 46.
Re6 b6 47. Re7 Rh5 48. Rb7 b5 49. Re7 Rh2 0-1

[Event "Admiral Niels Juel Cup 2013"]
[Site "Koge"]
[Date "2013.04.26"]
[Round "8"]
[White "Ulibin, Mikhail"]
[Black "Danin, Alexandre"]
[Result "1/2-1/2"]
[WhiteElo "2521"]
[BlackElo "2575"]
[PlyCount "44"]
[EventDate "2013.??.??"]
[EventCountry "DEN"]


1. d4 Nf6 2. c4 g6 3. Nc3 d5 4. cxd5 Nxd5 5. Bd2 Bg7 6. e4 Nb6 7. Be3 O-O 8. h3
e5 9. Nf3 exd4 10. Bxd4 Qe7 11. Bxg7 Kxg7 12. Qd4+ f6 13. Be2 Nc6 14. Qe3 Be6
15. b3 Rad8 16. O-O a6 17. Rfe1 Rfe8 18. Bf1 Ne5 19. Nh2 Qb4 20. f4 Nc6 21.
Rad1 Bf7 22. Ng4 h5 1/2-1/2

[Event "Admiral Niels Juel Cup 2013"]
[Site "Koge"]
[Date "2013.04.26"]
[Round "8"]
[White "Sokolov, Ivan"]
[Black "Burmakin, Vladimir"]
[Result "1/2-1/2"]
[WhiteElo "2643"]
[BlackElo "2580"]
[PlyCount "43"]
[EventDate "2013.??.??"]
[EventCountry "DEN"]


1. d4 c6 2. c4 Nf6 3. Nc3 d5 4. Nf3 a6 5. a4 e6 6. g3 a5 7. Bg2 Nbd7 8. O-O Bb4
9. Bg5 h6 10. Bxf6 gxf6 11. cxd5 cxd5 12. Nb5 O-O 13. Qc1 Kg7 14. Nc7 Ra7 15.
Ne1 f5 16. Nd3 Be7 17. Qc3 Nf6 18. Rfc1 Bd7 19. Ne5 Bd6 20. e3 Bc6 21. Nb5 Bxb5
22. axb5 1/2-1/2

[Event "Admiral Niels Juel Cup 2013"]
[Site "Koge"]
[Date "2013.04.26"]
[Round "8"]
[White "Narciso Dublan, Marc"]
[Black "Gleizerov, Evgeny"]
[Result "1/2-1/2"]
[WhiteElo "2551"]
[BlackElo "2546"]
[PlyCount "28"]
[EventDate "2013.??.??"]
[EventCountry "DEN"]


1. d4 e6 2. Nf3 f5 3. d5 Nf6 4. dxe6 d5 5. e3 Bxe6 6. Be2 g6 7. b3 Bg7 8. Bb2
O-O 9. Ng5 Bc8 10. O-O h6 11. Nf3 Be6 12. c4 dxc4 13. bxc4 c5 14. Nc3 Nc6
1/2-1/2

[Event "Admiral Niels Juel Cup 2013"]
[Site "Koge"]
[Date "2013.04.26"]
[Round "8"]
[White "Pavlovic, Milos"]
[Black "Epishin, Vladimir"]
[Result "1/2-1/2"]
[WhiteElo "2509"]
[BlackElo "2612"]
[PlyCount "108"]
[EventDate "2013.??.??"]
[EventCountry "DEN"]


1. e4 c5 2. Nf3 e6 3. d4 cxd4 4. Nxd4 Qb6 5. Nb3 Qc7 6. Bd3 Nf6 7. c4 Bb4+ 8.
Bd2 Bxd2+ 9. Qxd2 O-O 10. Nc3 Nc6 11. O-O d6 12. Be2 Rd8 13. Rfd1 Qe7 14. Qe3
b6 15. Nd4 Bb7 16. Rd2 h6 17. Rad1 Ne8 18. f4 Nxd4 19. Qxd4 Bc6 20. Qe3 Rab8
21. a3 Rdc8 22. b4 Rc7 23. Bf1 a6 24. e5 dxe5 25. fxe5 Kf8 26. b5 axb5 27. cxb5
Ba8 28. Na4 Ra7 29. Nb2 Qg5 30. Qe1 Nc7 31. h4 Qe7 32. Rd6 Nd5 33. Nc4 g6 34.
Qg3 Rc7 35. a4 Ra7 36. Ra1 Kg7 37. Qf2 Qc7 38. Ra3 h5 39. a5 Qe7 40. Nxb6 Nxb6
41. Rxb6 Rxb6 42. Qxb6 Rd7 43. Rc3 Qb4 44. Rc8 Bxg2 45. Qf2 f5 46. exf6+ Kf7
47. Rc4 Qxa5 48. Qxg2 Qxb5 49. Qf2 Qa5 50. Rd4 Rxd4 51. Qxd4 Qd5 52. Qf4 Qf5
53. Qg5 Qxf6 54. Kg2 Qb2+ 1/2-1/2

[Event "Admiral Niels Juel Cup 2013"]
[Site "Koge"]
[Date "2013.04.26"]
[Round "8"]
[White "Strange, Mikkel"]
[Black "Solodovnichenko, Yuri"]
[Result "0-1"]
[WhiteElo "2335"]
[BlackElo "2543"]
[PlyCount "112"]
[EventDate "2013.??.??"]
[EventCountry "DEN"]


1. e4 c5 2. c3 Nf6 3. e5 Nd5 4. d4 cxd4 5. Nf3 Nc6 6. Bc4 e6 7. cxd4 d6 8. O-O
Be7 9. a3 O-O 10. Qe2 Bd7 11. Rd1 Na5 12. Bxd5 exd5 13. b4 Nb3 14. Ra2 dxe5 15.
dxe5 Nxc1 16. Rxc1 a5 17. bxa5 Qxa5 18. Nd4 Rfe8 19. Nd2 Qb6 20. Qd3 Ra4 21.
N2f3 Rea8 22. Rb1 Qc7 23. Rc2 Rc4 24. Rxc4 dxc4 25. Qe4 Bc6 26. Nxc6 Qxc6 27.
Qxc6 bxc6 28. Kf1 c3 29. Rb3 Rxa3 30. Rxa3 Bxa3 31. Nd4 Bc5 32. Nc2 Kf8 33. Ke2
Ke7 34. f4 Ke6 35. h3 h5 36. g4 hxg4 37. hxg4 g5 38. Kf3 Kd5 39. Ne1 Bd4 40.
Nc2 c5 41. fxg5 Kxe5 42. Na3 Kd5 43. Kf4 Bg7 44. Kf5 Kd4 45. g6 fxg6+ 46. Kxg6
Bh8 47. Kf7 Kd3 48. Ke6 c4 49. Kd5 Bf6 50. Ke6 Bg5 51. Kd5 Be7 52. Nxc4 c2 53.
Ne5+ Ke2 54. Nc6 Bf6 55. g5 Bg7 56. Nd4+ Bxd4 0-1

[Event "Admiral Niels Juel Cup 2013"]
[Site "Koge"]
[Date "2013.04.26"]
[Round "8"]
[White "Sharma, Dinesh K"]
[Black "Satyapragyan, Swayangsu"]
[Result "1/2-1/2"]
[WhiteElo "2371"]
[BlackElo "2463"]
[PlyCount "52"]
[EventDate "2013.??.??"]
[EventCountry "DEN"]


1. e4 e6 2. d4 d5 3. exd5 exd5 4. Nf3 Bd6 5. Bd3 Ne7 6. O-O O-O 7. Re1 Nbc6 8.
c3 Bf5 9. Qc2 Qd7 10. Nbd2 Bxd3 11. Qxd3 Qf5 12. Qxf5 Nxf5 13. Nf1 Rfe8 14. Bd2
f6 15. Rxe8+ Rxe8 16. Re1 Rxe1 17. Nxe1 Kf7 18. Nd3 Nd8 19. Bf4 Bxf4 20. Nxf4
c6 21. Nd2 Ne6 22. Nxe6 Kxe6 23. Kf1 Nd6 24. f3 Nc4 25. Nxc4 dxc4 26. Ke2 f5
1/2-1/2

[Event "Admiral Niels Juel Cup 2013"]
[Site "Koge"]
[Date "2013.04.26"]
[Round "8"]
[White "Roy Chowdhury, Saptarshi"]
[Black "Pedersen, Nicolai Vesterbaek"]
[Result "1-0"]
[WhiteElo "2471"]
[BlackElo "2413"]
[PlyCount "107"]
[EventDate "2013.??.??"]
[EventCountry "DEN"]


1. e4 e5 2. Nf3 Nc6 3. Bc4 Nf6 4. d3 Be7 5. O-O O-O 6. Bb3 d6 7. c3 h6 8. Nbd2
Na5 9. Bc2 c5 10. a3 b5 11. Re1 Nc6 12. h3 Be6 13. Nf1 Rc8 14. Ng3 Qd7 15. Bb3
c4 16. Bc2 cxd3 17. Bxd3 Na5 18. Qe2 a6 19. Be3 Nc4 20. Bxc4 Rxc4 21. Rad1 Qb7
22. Bc1 a5 23. Bd2 Rd8 24. Rc1 Kh7 25. Rcd1 Rd7 26. Qd3 Kg8 27. Qe2 Ra4 28. Bc1
Rc4 29. Bd2 Rdc7 30. Nh4 Kh7 31. b3 R4c6 32. Nhf5 Bxb3 33. Rb1 Bc4 34. Qf3 Be6
35. a4 Rb6 36. Bxh6 Ne8 37. Be3 b4 38. Bxb6 Qxb6 39. cxb4 axb4 40. Ne3 Ra7 41.
Nd5 Bxd5 42. exd5 Nf6 43. Nf5 Bf8 44. Qb3 Qa5 45. Ne3 Rb7 46. Rec1 Nd7 47. Rc8
g6 48. Qc4 Qxa4 49. Qh4+ Kg8 50. Ng4 Qa2 51. Rbc1 b3 52. Qh6 f5 53. Qxg6+ Kh8
54. Nf6 1-0

[Event "Admiral Niels Juel Cup 2013"]
[Site "Koge"]
[Date "2013.04.26"]
[Round "8"]
[White "Shaikh, Mohammad Nubairshah"]
[Black "Stojanovski, Sandi"]
[Result "1/2-1/2"]
[WhiteElo "2166"]
[BlackElo "2260"]
[PlyCount "34"]
[EventDate "2013.??.??"]
[EventCountry "DEN"]


1. d4 Nf6 2. c4 e6 3. Nc3 Bb4 4. Qc2 Nc6 5. Nf3 d5 6. Bg5 h6 7. Bxf6 Qxf6 8. e3
O-O 9. a3 Bxc3+ 10. Qxc3 Re8 11. Rc1 Bd7 12. Be2 dxc4 13. Bxc4 e5 14. dxe5 Nxe5
15. Bd5 Nxf3+ 16. Bxf3 Qa6 17. Qb4 c6 1/2-1/2

[Event "Admiral Niels Juel Cup 2013"]
[Site "Koge"]
[Date "2013.04.26"]
[Round "8"]
[White "Dambrauskas, Virginijus"]
[Black "Rishubh Naresh, Naik"]
[Result "0-1"]
[WhiteElo "2315"]
[BlackElo "1942"]
[PlyCount "220"]
[EventDate "2013.??.??"]
[EventCountry "DEN"]


1. d4 Nf6 2. c4 g6 3. Nc3 d5 4. Nf3 Bg7 5. e3 O-O 6. Qb3 dxc4 7. Bxc4 c6 8. Ne5
e6 9. O-O Qb6 10. Bd2 Nbd7 11. Nxd7 Bxd7 12. Rac1 Rad8 13. Rfd1 Bc8 14. Be1
Qxb3 15. Bxb3 Nd7 16. Ne4 Nf6 17. Nxf6+ Bxf6 18. Bb4 Rfe8 19. f4 Be7 20. Bxe7
Rxe7 21. Rc5 Bd7 22. Rdc1 Be8 23. g4 Rc7 24. g5 Rdc8 25. R5c3 h5 26. Bd1 Kf8
27. b4 Ke7 28. Be2 Kd6 29. Kf2 Ke7 30. Ke1 Kd6 31. Kd2 Ra8 32. Bf3 Rac8 33. Be2
Ra8 34. R1c2 Bd7 35. Kc1 Rcc8 36. Rc5 b6 37. R5c3 a5 38. bxa5 Rxa5 39. Rb3 Kc7
40. Bf3 Ra6 41. Kb2 Kd6 42. Be2 b5 43. Rbc3 Rca8 44. a3 Ra4 45. Rb3 R8a6 46.
Rcc3 Ra8 47. Bf3 Rc8 48. Rc5 Rb8 49. Bd1 Ra6 50. h4 Rba8 51. Bf3 Ra4 52. Bd1
R4a6 53. Be2 Ra4 54. Rd3 R4a6 55. Rcc3 Rb8 56. Rb3 Rba8 57. Rb4 R8a7 58. Rc3
Rc7 59. Bd3 Ra5 60. Be4 Rca7 61. Bf3 R5a6 62. e4 Rb6 63. Bd1 Rba6 64. Bc2 Ra8
65. Bb1 Rc8 66. Ba2 Ke7 67. Re3 c5 68. dxc5 Rxc5 69. Bb3 Rd6 70. Re2 Kd8 71.
Bc2 Kc7 72. Rb3 Rd4 73. Rd3 Rcc4 74. Red2 Rxd3 75. Bxd3 Rc5 76. Kb3 Kb6 77. Bc2
Kc7 78. Rd4 e5 79. fxe5 Rxe5 80. Kb4 Bc6 81. Rd2 Kb6 82. Rf2 Be8 83. Rf6+ Kc7
84. Bd3 Kd8 85. Kc3 Rc5+ 86. Kb4 Re5 87. Rd6+ Kc7 88. Rf6 Kd8 89. Rf1 Kc7 90.
Kc3 Re6 91. Rf6 Re7 92. Kd4 Rd7+ 93. Ke3 Rd8 94. e5 Ra8 95. e6 fxe6 96. Bxg6
Bxg6 97. Rxg6 Rxa3+ 98. Kd4 Kd6 99. Rg8 Ra4+ 100. Ke3 Rxh4 101. Rb8 b4 102. Rb5
Rg4 103. Kf3 Ke7 104. Rb7+ Kf8 105. Rb5 Kf7 106. Re5 Rg1 107. Rb5 Rb1 108. Kf4
b3 109. Ke3 b2 110. Kd2 Rg1 0-1

[Event "Admiral Niels Juel Cup 2013"]
[Site "Koge"]
[Date "2013.04.26"]
[Round "8"]
[White "Rozentalis, Eduardas"]
[Black "Nielsen, Michael(1983)"]
[Result "1-0"]
[WhiteElo "2631"]
[BlackElo "2176"]
[PlyCount "75"]
[EventDate "2013.??.??"]
[EventCountry "DEN"]


1. e4 e5 2. Nf3 Nc6 3. Bb5 a6 4. Bxc6 dxc6 5. Nc3 f6 6. d4 Bg4 7. dxe5 Qxd1+ 8.
Nxd1 Bxf3 9. gxf3 fxe5 10. f4 Bd6 11. fxe5 Bxe5 12. f4 Bd4 13. c3 Bc5 14. Be3
Bxe3 15. Nxe3 Nf6 16. e5 Nd5 17. Ng2 g6 18. O-O-O O-O-O 19. c4 Ne7 20. Rxd8+
Rxd8 21. Rd1 Nf5 22. Rxd8+ Kxd8 23. Kd2 Ke7 24. Kd3 a5 25. Ne3 Ng7 26. Ke4 Ne6
27. f5 gxf5+ 28. Nxf5+ Kf7 29. Nd4 Nc5+ 30. Kf5 Nd3 31. b3 Nc1 32. a4 c5 33.
Ne6 b6 34. Nxc7 Nxb3 35. e6+ Ke7 36. Nd5+ Kd6 37. e7 Kd7 38. Kf6 1-0

[Event "Admiral Niels Juel Cup 2013"]
[Site "Koge"]
[Date "2013.04.26"]
[Round "8"]
[White "Vovk, Oksana"]
[Black "Prosviriakov, Vladimir"]
[Result "0-1"]
[WhiteElo "2133"]
[BlackElo "2304"]
[PlyCount "96"]
[EventDate "2013.??.??"]
[EventCountry "DEN"]


1. d4 g6 2. Nf3 Bg7 3. e4 c5 4. c3 cxd4 5. cxd4 d6 6. Be3 Nf6 7. Nc3 O-O 8. h3
a6 9. Bd3 b5 10. a3 Bb7 11. O-O Nbd7 12. Rc1 Rc8 13. Nd2 e5 14. dxe5 Nxe5 15.
Bb1 Re8 16. Qe2 d5 17. exd5 Nxd5 18. Nxd5 Bxd5 19. Rxc8 Qxc8 20. Rd1 Qb7 21.
Qf1 Nc4 22. Nxc4 Bxc4 23. Bd3 Bxd3 24. Qxd3 Bxb2 25. Rb1 Be5 26. Bd2 Qc6 27.
Bb4 Bf6 28. Rd1 Kg7 29. Qd7 Qxd7 30. Rxd7 Re6 31. Kf1 h5 32. Bc5 Rc6 33. Bd4
Bxd4 34. Rxd4 Rc3 35. a4 Rc4 36. Rd6 Rxa4 37. Ke2 Ra3 38. Rb6 Ra4 39. Ke3 b4
40. Kd3 a5 41. Rb5 Ra2 42. Ke3 Ra3+ 43. Kd4 b3 44. Kc3 a4 45. f4 h4 46. Rg5 Ra2
47. g4 Rc2+ 48. Kd3 a3 0-1

[Event "Admiral Niels Juel Cup 2013"]
[Site "Koge"]
[Date "2013.04.26"]
[Round "8"]
[White "Rosenkilde, Alexander"]
[Black "Arjun, Bharat"]
[Result "1/2-1/2"]
[WhiteElo "2247"]
[BlackElo "2281"]
[PlyCount "57"]
[EventDate "2013.??.??"]
[EventCountry "DEN"]


1. d4 d5 2. c4 c6 3. Nf3 Nf6 4. e3 Bf5 5. Nc3 e6 6. Nh4 Bg6 7. Be2 Nbd7 8. O-O
Be7 9. g3 Qc7 10. Bd2 O-O 11. Nxg6 hxg6 12. Rc1 Rad8 13. Qb3 Qb6 14. Qc2 Rfe8
15. Rfd1 Qc7 16. Kg2 Qb8 17. Be1 Rc8 18. Qb3 Nb6 19. cxd5 cxd5 20. Na4 Nxa4 21.
Qxa4 a6 22. Bb4 Bxb4 23. Qxb4 Rxc1 24. Rxc1 Rc8 25. Rxc8+ Qxc8 26. Qc5 Qd7 27.
Qc2 Kf8 28. Bd3 Ke7 29. a3 1/2-1/2

[Event "Admiral Niels Juel Cup 2013"]
[Site "Koge"]
[Date "2013.04.26"]
[Round "8"]
[White "Pedersen, Hans Dahl"]
[Black "Thuesen, Mogens Henrik"]
[Result "1-0"]
[WhiteElo "2174"]
[BlackElo "2261"]
[PlyCount "81"]
[EventDate "2013.??.??"]
[EventCountry "DEN"]


1. c4 f5 2. g3 Nf6 3. Bg2 g6 4. Nc3 Bg7 5. d3 O-O 6. e4 fxe4 7. dxe4 d6 8. Nge2
Nc6 9. O-O e5 10. Nd5 Bg4 11. f3 Be6 12. Bg5 Qd7 13. Qd2 Rf7 14. Rad1 b6 15. b4
a5 16. a3 axb4 17. axb4 h5 18. c5 bxc5 19. bxc5 Bxd5 20. exd5 Ne7 21. c6 Qf5
22. Bxf6 Bxf6 23. f4 exf4 24. Nxf4 Bg5 25. Bh3 Bxf4 26. Bxf5 Bxd2 27. Be6 Be3+
28. Kh1 Nf5 29. Rd3 Bb6 30. h3 Raf8 31. Rf4 Kg7 32. Bxf7 Rxf7 33. Rb4 Kf8 34.
g4 hxg4 35. hxg4 Nh4 36. Rc3 Ba5 37. Rb8+ Kg7 38. Ra3 Rf2 39. Kg1 Be1 40. Rb1
Re2 41. Kf1 1-0

[Event "Admiral Niels Juel Cup 2013"]
[Site "Koge"]
[Date "2013.04.26"]
[Round "8"]
[White "Grove, Michael"]
[Black "Eriksson, Christian Altenburg"]
[Result "1-0"]
[WhiteElo "2015"]
[BlackElo "2173"]
[PlyCount "59"]
[EventDate "2013.??.??"]
[EventCountry "DEN"]


1. e4 c5 2. Nf3 Nc6 3. Bb5 g6 4. O-O Bg7 5. Bxc6 dxc6 6. d3 b6 7. Nc3 Nh6 8. a4
O-O 9. Bf4 f6 10. a5 Bb7 11. e5 Nf7 12. Re1 g5 13. Bg3 h6 14. exf6 exf6 15.
axb6 axb6 16. Rxa8 Bxa8 17. Re6 f5 18. Be5 Nxe5 19. Nxe5 Re8 20. Qh5 Rxe6 21.
Qf7+ Kh8 22. Qxe6 Qf6 23. Qxf6 Bxf6 24. Nd7 Be7 25. Nxb6 Bb7 26. Nca4 Ba6 27.
c4 Kg7 28. Nd7 Bc8 29. Ndxc5 f4 30. b4 1-0

[Event "Admiral Niels Juel Cup 2013"]
[Site "Koge"]
[Date "2013.04.26"]
[Round "8"]
[White "Bruun, Henrik Emil"]
[Black "Aage, Bjarke Gadgaard"]
[Result "1-0"]
[WhiteElo "2085"]
[BlackElo "2067"]
[PlyCount "73"]
[EventDate "2013.??.??"]
[EventCountry "DEN"]


1. e4 d5 2. exd5 Qxd5 3. Nc3 Qa5 4. Bc4 Nf6 5. Nf3 Bf5 6. O-O e6 7. Re1 c6 8.
Re5 Qb4 9. Rxf5 Qxc4 10. d3 Qb4 11. a3 Qb6 12. Re5 Nbd7 13. Re2 Be7 14. Na4 Qc7
15. c4 O-O 16. d4 Rfd8 17. Nc3 Rac8 18. Qc2 c5 19. d5 Nf8 20. Bg5 exd5 21. Rae1
Ng6 22. Ne5 Ne8 23. Nxg6 Bxg5 24. Nxd5 Qd7 25. Nde7+ Bxe7 26. Nxe7+ Kh8 27.
Nxc8 Qxc8 28. Qe4 Nf6 29. Qe7 Kg8 30. h3 h6 31. Re5 b6 32. Qxa7 Qc6 33. Re7 Rf8
34. Qc7 Qa4 35. Qf4 Nd5 36. Ra7 Qxa7 37. cxd5 1-0

[Event "Admiral Niels Juel Cup 2013"]
[Site "Koge"]
[Date "2013.04.26"]
[Round "8"]
[White "Kokholm, Daniel"]
[Black "Karunanayake, Mayuri"]
[Result "1-0"]
[WhiteElo "1937"]
[BlackElo "1614"]
[PlyCount "69"]
[EventDate "2013.??.??"]
[EventCountry "DEN"]


1. d4 Nf6 2. Nc3 e6 3. e4 Bb4 4. e5 Nd5 5. Qg4 g6 6. Bd2 Nxc3 7. bxc3 Be7 8.
Bd3 d5 9. h4 h5 10. Qg3 Rg8 11. Ne2 c5 12. Nf4 c4 13. Be2 Kd7 14. Qf3 Ke8 15.
Qg3 Kd7 16. Qf3 Ke8 17. g3 Rh8 18. Qe3 Nc6 19. Ng2 b6 20. g4 hxg4 21. h5 Rxh5
22. Rxh5 gxh5 23. Qh6 h4 24. Bxg4 Kd7 25. Qh7 Qe8 26. Bh5 Nd8 27. Ke2 Kc6 28.
Rh1 Bd7 29. Nxh4 Nb7 30. Bxf7 Qh8 31. Ng6 Qd8 32. Bxe6 Bxe6 33. Nxe7+ Kb5 34.
Rb1+ Ka6 35. Nc6 1-0

[Event "Admiral Niels Juel Cup 2013"]
[Site "Koge"]
[Date "2013.04.26"]
[Round "8"]
[White "Stuhr, Peter Sebastian"]
[Black "Andersen, Hans Erik"]
[Result "0-1"]
[WhiteElo "1941"]
[BlackElo "1719"]
[PlyCount "86"]
[EventDate "2013.??.??"]
[EventCountry "DEN"]


1. Nc3 Nf6 2. f4 d5 3. e3 c6 4. Nf3 Bf5 5. h3 h5 6. Nh4 e6 7. Nxf5 exf5 8. Qf3
g6 9. b3 Bg7 10. Bb2 Ne4 11. g3 Qa5 12. Bd3 Nxc3 13. a3 c5 14. Kf1 Ne4 15. Bxg7
Nxd2+ 16. Ke2 Nxf3 17. b4 cxb4 18. Bxh8 bxa3 19. Kxf3 a2 20. c3 Nc6 21. Bf6 d4
22. cxd4 Nb4 23. Rhd1 Qa4 24. d5 Nxd3 25. Rxd3 Qe4+ 26. Ke2 Qg2+ 27. Kd1 Rc8
28. Rc3 Qxd5+ 29. Kc2 Rxc3+ 30. Bxc3 Qg2+ 31. Kb3 Qxg3 32. Bd4 b6 33. Rxa2 Qxh3
34. Rxa7 Qg2 35. Ra2 Qd5+ 36. Kb2 h4 37. Ra1 Qb5+ 38. Kc3 Qc6+ 39. Kb4 h3 40.
Ra2 Qd6+ 41. Ka4 Qc6+ 42. Kb4 Qh1 43. Rd2 Qe1 0-1